Entry Personal Name
Number of records used in: 1
001 - CONTROL NUMBER
003 - CONTROL NUMBER IDENTIFIER
005 - DATE AND TIME OF LATEST TRANSACTION
- control field:
20230925102214.0
008 - FIXED-LENGTH DATA ELEMENTS
- fixed length control field:
820407n| azannaabn |a aaa
010 ## - LIBRARY OF CONGRESS CONTROL NUMBER
- LC control number:
n 82041493
035 ## - SYSTEM CONTROL NUMBER
- System control number:
(OCoLC)oca00738518
035 ## - SYSTEM CONTROL NUMBER
- System control number:
(CaEvSKY)skya1810286
040 ## - CATALOGING SOURCE
- Original cataloging agency:
DLC
- Language of cataloging:
eng
- Description conventions:
rda
- Transcribing agency:
DLC
- Modifying agency:
DLC
- Modifying agency:
OCoLC
- Modifying agency:
DLC
- Modifying agency:
MX-SlUA
100 1# - HEADING--PERSONAL NAME
- Personal name:
Tan, S. T.
- Fuller form of name:
(Soo Tang)
375 ## - GENDER
- Gender:
Males
- Source of term:
lcdgt
377 ## - ASSOCIATED LANGUAGE
378 ## - FULLER FORM OF PERSONAL NAME
- Fuller form of personal name:
Soo Tang
400 1# - SEE FROM TRACING--PERSONAL NAME
- Control subfield:
nne
- Personal name:
Tan, Soo Tang
400 1# - SEE FROM TRACING--PERSONAL NAME
- Personal name:
Soo, Tang Tan
670 ## - SOURCE DATA FOUND
- Source citation:
His Finite mathematics for the managerial and social sciences, 1982:
- Information found:
CIP t.p. (Soo Tang Tan; Stonehill Coll.)
670 ## - SOURCE DATA FOUND
- Source citation:
His Calculus for the managerial, life, and social sciences, 1986:
- Information found:
CIP t.p. (S.T. Tan)
670 ## - SOURCE DATA FOUND
- Source citation:
Matemáticas para administración y economía, 1998:
- Information found:
title page (S. T. Tan)